Chaotic Dynamics : Theory and applications to economics
Αποθηκεύτηκε σε:
| Κύριος συγγραφέας: | |
|---|---|
| Μορφή: | Βιβλίο |
| Γλώσσα: | English |
| Δημοσίευση: |
Great Britain :
Cambridge,
1992.
|
| Θέματα: | |
| Ετικέτες: |
Προσθήκη ετικέτας
Δεν υπάρχουν, Καταχωρήστε ετικέτα πρώτοι!
|
MARC
| LEADER | 00000nam a2200000 i 4500 | ||
|---|---|---|---|
| 001 | 1/38936 | ||
| 008 | 960122s1992 eng d | ||
| 020 | |a 0521484618 |q (χαρτόδετο) | ||
| 020 | |a 0-521-39488-0 |q (σκληρό εξώφυλλο) | ||
| 035 | |l 10024954 | ||
| 040 | |a GR-MY-UA |b gre |e aacr | ||
| 041 | 0 | |a eng | |
| 082 | 0 | |a 330.0151 | |
| 100 | 1 | |a Medio, Alfredo |d 1938- | |
| 245 | 1 | 0 | |a Chaotic Dynamics : |b Theory and applications to economics / |c Alfredo Medio |
| 260 | |a Great Britain : |b Cambridge, |c 1992. | ||
| 300 | |a 344 σ. |b διαγρ. ; |c 23 εκ. | ||
| 500 | |a Περιλαμβάνει βιβλιογραφικές παραπομπές και ευρετήριο. | ||
| 650 | 0 | 0 | |a Statics and dynamics (Social sciences) |
| 650 | 0 | 0 | |a Economics, Mathematical. |
| 650 | 0 | 0 | |a Differential equations, Nonlinear. |
| 650 | 0 | 0 | |a Chaotic behavior in systems. |
| 852 | |a INST |b CHIOS |e 19960122 |h 330.0151 MED |p 005200001816 |q 005200001816 |t BK |y 0 | ||
| 852 | |a INST |b CHIOS |e 20190508 |h 330.0151 MED |p 005200038807 |q 005200038807 |t BK |y 0 | ||
| 909 | |a Χ |b 040260 | ||